| 000 | 00378nam a2200157Ia 4500 | ||
|---|---|---|---|
| 008 | 230711s9999||||xx |||||||||||||| ||und|| | ||
| 041 | _aENG | ||
| 082 |
_a624 _bMA-S |
||
| 100 | _aMagal,BS | ||
| 245 | 0 | _aSolar power engineering | |
| 250 | _a1st | ||
| 260 |
_c1990 _aNew Delhi _bTata McGraw Hill Education Limited |
||
| 300 | _a474 | ||
| 650 | _aCivil Engineering | ||
| 942 | _cBK | ||
| 999 |
_c1858 _d1858 |
||